50 verbes les plus utilisés à l'oral - Statistiques

Statistiques générales
  • Ce quiz a été pris 2 017 fois
  • Le résultat moyen est 22 sur 50
Statistiques - réponses
Rang Verbe % Correct
1 être
97%
2 avoir
95%
29 manger
90%
3 faire
85%
5 aller
83%
18 parler
74%
6 voir
74%
12 prendre
73%
4 dire
72%
8 pouvoir
65%
39 marcher
62%
11 venir
61%
43 lire
58%
7 savoir
58%
10 vouloir
57%
40 regarder
55%
26 aimer
53%
34 écouter
50%
36 entendre
49%
20 donner
47%
47 jouer
47%
15 mettre
46%
17 devoir
45%
23 partir
43%
27 penser
41%
33 acheter
40%
14 croire
39%
25 tenir
37%
32 travailler
37%
19 trouver
34%
31 sortir
32%
9 falloir
31%
30 appeler
29%
21 comprendre
27%
46 chercher
26%
44 monter
26%
24 demander
25%
16 passer
24%
22 connaître
22%
41 rendre
22%
38 commencer
21%
13 arriver
20%
49 attendre
20%
50 perdre
19%
42 revenir
19%
45 payer
18%
28 rester
16%
35 laisser
15%
37 rentrer
15%
48 paraître
13%
Aucun quiz correspondant
Distribution des résultats
% des personnes avec chaque résultat
Percentile par nombre de réponses
Votre historique - résultats
Vous n’avez pas pris ce quiz